Situación del colegio agropecuario de Talamanca

Gardado en:
Detalles Bibliográficos
Autor Principal: González Rodríguez, Félix
Formato: Texto
Publicado: Heredia: Universidad Nacional
Etiquetas: Engadir etiqueta
Sen Etiquetas, Sexa o primeiro en etiquetar este rexistro!

MARC

LEADER 00000 a a2200000 04500
001 21221
003
040 |a CRAI/IIS  |c CRAI/IIS 
090 |a 092500  
100 |a González Rodríguez, Félix  
245 |a Situación del colegio agropecuario de Talamanca  
260 |a Heredia:   |b Universidad Nacional  
300 |a 14 p.  
999 |c 17059  |d 17059